01486nam a2200325 i 450000500170000000700030001700800410002002000180006104000350007908200210011410000250013524500780016025000220023826400360026030000630029633600270035933700330038633800280041949000250044750001180047250502630059052100610085353400320091465000460094665000440099265000450103670000520108194200120113399900150114520220317001501.0ta210806s20142016sp ao br 000 0 spa d a9788467709155 aCO-BoRNBPbspaerdacCO-BoRNBP04a591.68bP17a2221 aParker, Steveeautor10aAnimales en extincióncSteve Parker ; traducción Rosa María Herrera aPrimera edición 1aMadridbSusaetac[2014]c[2016] a32 páginasbilustraciones y fotografías a colorc27 cm atextobtxt2rdacontent asin mediaciónbn2rdamedia avolumenbnc2rdacarrier aS.O.S Planeta tierra aLa fecha es tomada de la página del ISBN Español: http://www.mcu.es/webISBN/tituloDetalle.do?sidTitul=1832850 aVida salvaje -- Superpoblación -- Distintos hábitats -- Un gran problema -- S.O.S. vida salvaje -- El alimento -- Contaminación -- ¡Atención! ¡Plagas! -- Animales famosos -- Turistas y mascotas -- En cautividad -- Grandes proyectos -- ¡Ayúdanos! aRecomendado para un público infantil mayor de 9 años tChanges in animals habitats17aAnimales en vías de extinción2ARMARC17aProtección de la vida salvaje2ARMARC17aEspecies en vía de extinción2ARMARC1 aHerrera Merino, Rosa Maríaetraductora973981 2ddccBK c7113d7113